| 000 | 00800nam2a2200205 4500 | ||
|---|---|---|---|
| 001 | RU\NLR\PER_A\002712606_001600 | ||
| 005 | 20260201142906.0 | ||
| 035 | _a(NLR Aleph) 022713061 | ||
| 090 |
_a13542625 _c13542625 |
||
| 100 | _a20260130d2025 u y0rusy50 ca | ||
| 101 | 0 | _arus | |
| 102 | _aRU | ||
| 200 | 0 | _a2025, № 5 | |
| 210 | _d2025 | ||
| 461 | 0 |
_1001RU\NLR\INFOCOMM16\1000033060 _12001#$aДетское творчество$eИл. журн.$fУчредитель: Ред. журн. "Нар. образование"$v2025, № 5 _91804938 _cМ. _d1997- _fУчредитель: Ред. журн. "Нар. образование" _oИл. журн. _tДетское творчество _x1607-3991 _v2025, № 5 |
|
| 852 |
_aNLR _jП29/772 |
||
| 942 | _cISSUE | ||
| 980 | _aRUSPER | ||
| 980 | _aNB | ||